Truck / (Record no. 98)

MARC details
000 -LEADER
fixed length control field 00965nam a22003377a 4500
001 - CONTROL NUMBER
control field 98
003 - CONTROL NUMBER IDENTIFIER
control field FISKH
005 - DATE AND TIME OF LATEST TRANSACTION
control field 20260325105001.0
008 - FIXED-LENGTH DATA ELEMENTS--GENERAL INFORMATION
fixed length control field 230223b cb ||||| |||| 00| 0 eng d
010 ## - LIBRARY OF CONGRESS CONTROL NUMBER
LC control number 84018137
020 ## - INTERNATIONAL STANDARD BOOK NUMBER
International Standard Book Number 0140505067 (pbk.)
020 ## - INTERNATIONAL STANDARD BOOK NUMBER
International Standard Book Number 9780688104818
040 ## - CATALOGING SOURCE
Original cataloging agency DLC
Transcribing agency DLC
Modifying agency DLC
042 ## - AUTHENTICATION CODE
Authentication code lcac
050 00 - LIBRARY OF CONGRESS CALL NUMBER
Classification number PZ7.C8682
Item number Tr 1985
082 00 - DEWEY DECIMAL CLASSIFICATION NUMBER
Classification number 813.5
Edition number 19
100 1# - MAIN ENTRY--PERSONAL NAME
Personal name Crews, Donald.
245 10 - TITLE STATEMENT
Title Truck /
Statement of responsibility, etc. Donald Crews.
260 ## - PUBLICATION, DISTRIBUTION, ETC.
Place of publication, distribution, etc. New York
Name of publisher, distributor, etc. Scholastic
Date of publication, distribution, etc. 1980
300 ## - PHYSICAL DESCRIPTION
Extent 16 leaves of plates
Other physical details all ill. ;
Dimensions 21 cm.
490 0# - SERIES STATEMENT
Series statement Picture puffins
500 ## - GENERAL NOTE
General note "A Caldecott honor book."--P. 2 of cover.
505 ## - FORMATTED CONTENTS NOTE
Formatted contents note A
520 ## - SUMMARY, ETC.
Summary, etc. Follows the journey of a truck from loading to unloading. Almost entirely pictorial.
521 8# - TARGET AUDIENCE NOTE
Target audience note 10 <br/>
Source Lexile
521 8# - TARGET AUDIENCE NOTE
Target audience note A <br/>
Source Raz-Plus
650 #1 - SUBJECT ADDED ENTRY--TOPICAL TERM
Topical term or geographic name entry element Trucks
General subdivision Fiction.
650 #1 - SUBJECT ADDED ENTRY--TOPICAL TERM
Topical term or geographic name entry element Stories without words.
906 ## - LOCAL DATA ELEMENT F, LDF (RLIN)
a 7
b cbc
c orignew
d 1
e ocip
f 19
g y-gencatlg
942 ## - ADDED ENTRY ELEMENTS (KOHA)
Source of classification or shelving scheme Dewey Decimal Classification
Koha item type Books
Suppress in OPAC No
Holdings
Withdrawn status Lost status Source of classification or shelving scheme Damaged status Not for loan Collection Home library Current library Shelving location Date acquired Total Checkouts Full call number Barcode Date last seen Date last checked out Copy number Price effective from Koha item type Date due
    Library of Congress Classification     Juvenile Fiction Footprints International School Library Network Toul Kork Campus Footprints International School Library Network Toul Kork Campus TK Primary Library Room(4th Floor), Bookcase 7, Shelves 57-60, Dark Green Books 02/23/2023 1 CRE 813.5 PZ7.C8682 FISTK04213 09/08/2023 08/31/2023 1 02/23/2023 Books  
    Library of Congress Classification     Juvenile Fiction Footprints International School Library Network Toul Kork Campus Footprints International School Library Network Toul Kork Campus TK Primary Library Room(4th Floor), Bookcase 7, Shelves 57-60, Dark Green Books 02/23/2023 1 CRE 813.5 PZ7.C8682 FISBK05381 09/08/2023 08/31/2023 2 02/23/2023 Books  
    Dewey Decimal Classification     Juvenile Fiction Footprints International School Library Network Toul Kork Campus Footprints International School Library Network Toul Kork Campus TK Primary Library Room(4th Floor), Bookcase 7, Shelves 57-60, Dark Green Books 02/23/2023 1 CRE 813.5 PZ7.C8682 FISBK02474 09/08/2023 08/31/2023 3 02/23/2023 Books  
    Dewey Decimal Classification     Juvenile Fiction Footprints International School Library Network Toul Kork Campus Footprints International School Library Network Toul Kork Campus TK Primary Library Room(4th Floor), Bookcase 7, Shelves 57-60, Dark Green Books 02/23/2023 2 CRE 813.5 PZ7.C8682 FISBK02475 02/06/2024 01/10/2024 4 02/23/2023 Books  
    Dewey Decimal Classification     Juvenile Fiction Footprints International School Library Network Toul Kork Campus Footprints International School Library Network Toul Kork Campus TK Primary Library Room(4th Floor), Bookcase 7, Shelves 57-60, Dark Green Books 02/23/2023 1 CRE 813.5 PZ7.C8682 FISBK05373 09/08/2023 08/23/2023 5 02/23/2023 Books  
    Dewey Decimal Classification     Juvenile Fiction Footprints International School Library Network Toul Kork Campus Footprints International School Library Network Toul Kork Campus TK Primary Library Room(4th Floor), Bookcase 7, Shelves 57-60, Dark Green Books 02/23/2023   CRE 813.5 PZ7.C8682 FISTK04215 10/05/2023   6 02/23/2023 Books  
    Dewey Decimal Classification     Juvenile Fiction Footprints International School Library Network Toul Kork Campus Footprints International School Library Network Toul Kork Campus TK Primary Library Room(4th Floor), Bookcase 7, Shelves 57-60, Dark Green Books 07/12/2024 1 CRE 813.5 PZ7.C8682 FISTK04336 08/20/2025 08/20/2025 7 07/12/2024 Books 09/03/2025
    Dewey Decimal Classification     Juvenile Fiction Footprints International School Library Network Toul Kork Campus Footprints International School Library Network Toul Kork Campus TK Primary Library Room(4th Floor), Bookcase 7, Shelves 57-60, Dark Green Books 07/12/2024   CRE 813.5 PZ7.C8682 2024-0938 07/12/2024   8 07/12/2024 Books  
    Dewey Decimal Classification     Juvenile Fiction Footprints International School Library Network Toul Tom Poung Campus Footprints International School Library Network Toul Tom Poung Campus TTP Primary Green Bookshelves 03/25/2026   CRE 813.5 PZ7.C8682 FIS03672 03/25/2026   9 03/25/2026 Books